|
|
|
|
| LEADER |
00000naa a2200000uu 4500 |
| 001 |
vtls011084817 |
| 003 |
SK-MaSNL |
| 005 |
20260302105039.0 |
| 008 |
210910|1995 xo |||||||||||||||||eng| |
| 015 |
|
|
|a SNBRA
|
| 035 |
|
|
|a (urnnbn)urn:nbn:sk:snk:ar-a0cliw
|
| 035 |
|
|
|a (uuid)b120f4e0-8416-4b67-b384-2dde0e339b5e
|
| 035 |
|
|
|a urn:nbn:sk:snk-aavrf1
|
| 040 |
|
|
|a SNKBUCL
|b slo
|c SNKBUCL
|e AACR2
|
| 041 |
0 |
|
|a eng
|
| 044 |
|
|
|a xo
|c SK
|
| 100 |
1 |
|
|a Lipka, Jozef,
|d 1940-
|4 aut
|9 213057
|
| 245 |
1 |
0 |
|a Mössbauer spectroscopy on Ba and Li ferrites
|c J. Lipka, A. Grusková, I. Tóth, J. Slama, M. Ušáková, R. Vicen
|
| 700 |
1 |
|
|a Grusková, Anna,
|d 1943-
|4 aut
|9 191853
|
| 700 |
1 |
|
|a Tóth, I.
|4 aut
|9 782977
|
| 700 |
1 |
|
|a Slama, J.
|4 aut
|9 283338
|
| 700 |
1 |
|
|a Ušáková, M.
|4 aut
|9 783092
|
| 700 |
1 |
|
|a Vicen, R.
|4 aut
|9 783093
|
| 773 |
0 |
|
|t Zásadné otázky rozvoja vedy a techniky v SR ; Výsledky vedy, výskumu a vývoja
|d Žilina] : [Dom techniky ZSVTS], 1995, 1995
|g S. 119-123
|z 8023103121
|
| 958 |
|
|
|a OND
|
| 958 |
|
|
|a article12
|
| 958 |
|
|
|a chapter
|
| 999 |
|
|
|c 1237233
|d 1239163
|